| 000 | 00672cam a22002537a 4500 | ||
|---|---|---|---|
| 001 | sjds11763673 | ||
| 003 | sjds | ||
| 005 | 20200311123929.0 | ||
| 008 | 990720s1999 sp 000 0 spa | ||
| 010 | _a 99228285 | ||
| 020 | _a8483100894 | ||
| 035 | _a(DLC) 99228285 | ||
| 040 |
_aDLC _cDLC |
||
| 041 | _aspa | ||
| 050 | 0 | _aMLCS 99/04031 (P) | |
| 100 | 1 | _aMinana, Juan. | |
| 245 | 1 | 0 |
_aNoticias del mundo real / _cJuan Minana. |
| 250 | _a1. ed. | ||
| 260 |
_aBarcelona : _bTusquets Editores, _c1999. |
||
| 300 |
_a229 p. ; _c21 cm. |
||
| 490 | 0 |
_aColeccion Andanzas ; _v364 |
|
| 942 |
_cBK _2ddc |
||
| 999 |
_c24384 _d24384 |
||